00778 a2200193 4500010001400000020002300014035001300037037001600050082001100066090001700077245012500094260004600219270006900265300003000334500004100364942002600405999001700431952013600448 aENG-90054 c395.00a0195689593 aEN-73587 bDBAD / PUB14a333.73 c12220d122201 aIndia:bland policies for growth and poverty reduction/cAgriculture and rural development sector unit South Asia region aNew DelhibOxford University Pressc2007 aYMCA Library Building, Jai Singh RoadbNew DelhicDelhie110001 axxvi, 119p.c28 cm (Pbk.) aIncludes bibliographical references adplcENk333.73 / IND c11866d11866 00102ddc40718NFICaDBADbDBADeDBAD/PUBg395.00l0o333.73 INDpEN-73587r2008-09-15 00:00:00t1u12981v395.00w2008-09-15yEN